000 00758nam a2200253Ia 4500
003 OSt
005 20221006152724.0
006 a|||||r|||| 00| 0
007 ta
008 221006b |||||||| |||| 00| 0 eng d
020 _cP65.00
024 _a29,395
037 _b307, 19/01/2005,
_cTextual
040 _aEASL
_cEASL
_beng
041 _2eng
_aeng
082 _aV42:194.N46, P3
100 _aNARANGOA Li Ed.
_9145782
245 0 _aImperial Japan and national identities in Asia 1895-1945
260 _aLondon
_bRoutledgeCurzon
_c2003
300 _a278p.
_ccm.
700 _a CRIBB Robert Ed.
_9145783
942 _hV42:194.N46, P3
_cTEXL
_2CC
999 _c1097481
_d1097481